Kpop songs win on music show 2026 (until 3/5) - Statistics

General Stats
  • This quiz has been taken 58 times
    18 since last reset
  • The average score is 14 of 28
Answer Stats
Win(s) Artist Answer % Correct
3 BLACKPINK GO
87%
5 Hearts2Hearts RUDE!
87%
14 BTS SWIM
87%
8 IVE BANG BANG
80%
1 BTS 2.0
73%
3 KiiiKiii 404 (New Era)
73%
1 IVE BLACKHOLE
73%
3 i-dle Mono
73%
1 NMIXX Blue Valentine
67%
1 ENHYPEN Knife
67%
1 CORTIS REDRED
67%
5 EXO Crown
60%
4 ALPHA DRIVE ONE FREAK ALARM
60%
1 ILLIT NOT CUTE ANYMORE
60%
5 ATEEZ Adrenaline
53%
1 ALLDAY PROJECT LOOK AT ME
53%
5 TOMORROW X TOGETHER Stick With You
53%
2 P1Harmony UNIQUE
53%
1 KISS OF LIFE Who is she
53%
2 HWASA Good Goodbye
33%
1 IRENE Biggest Fan
20%
2 KickFlip Eye-Poppin'
20%
1 &TEAM We on Fire
20%
1 Apink Love Me More
13%
1 fromis_9 White Memories
13%
3 NCT WISH Ode to Love
7%
1 idntt Pretty Boy Swag
7%
1 SAY MY NAME UFO (ATTENT!ON)
7%
No matching quizzes found
Score Distribution
Percent of People with Each Score
Percentile by Number Answered
Your Score History
You have not taken this quiz since the last reset